Customer loyalty programs : trends and experiences (Record no. 190024)

MARC details
000 -LEADER
fixed length control field 00460nam a2200169Ia 4500
008 - FIXED-LENGTH DATA ELEMENTS--GENERAL INFORMATION
fixed length control field 231217s9999 xx 000 0 und d
020 ## - INTERNATIONAL STANDARD BOOK NUMBER
International Standard Book Number 813140482x
041 ## - LANGUAGE CODE
Language code of text/sound track or separate title English
082 ## - DEWEY DECIMAL CLASSIFICATION NUMBER
Classification number 658.812 SHA;2 R1
100 ## - MAIN ENTRY--PERSONAL NAME
Personal name Shanthi, N M ed.
245 #0 - TITLE STATEMENT
Title Customer loyalty programs : trends and experiences
250 ## - EDITION STATEMENT
Edition statement 1st ed.
260 ## - PUBLICATION, DISTRIBUTION, ETC.
Date of publication, distribution, etc. 2006
Name of publisher, distributor, etc. ICFAI Press
Place of publication, distribution, etc. Hyderabad
300 ## - PHYSICAL DESCRIPTION
Extent ix, 221
650 ## - SUBJECT ADDED ENTRY--TOPICAL TERM
Topical term or geographic name entry element Customer,loyalty,trends,experiences
942 ## - ADDED ENTRY ELEMENTS (KOHA)
Koha item type Books
Holdings
Date last seen Total checkouts Full call number Accession number Cost, total (INR) price Price effective from Category Public note Lost status Damaged status Department Withdrawn status Home library Current library Shelving location Entry date Vendor Cost, normal purchase price Grants Billnumber Billdate Currency symbol Conversion rate Discount Old discount
26/01/2024   658.812 SHA;2 R1 66963 38.00 26/01/2024 Books 66963     Central Library   Central Library Central Library Central Library 18/11/2010 ICFAI Press 38.00 MBA 1993 09/12/2014 RS 1    
26/01/2024   658.812 SHA;3 66964 38.00 26/01/2024 Books 66964     Central Library   Central Library Central Library Central Library 18/11/2010 ICFAI Press 38.00 MBA 1993 09/12/2014 RS 1    

© For any Suggestions or Query, please contact the library staff @ librarian@pes.edu or Phone: +9180 2672 1983/ 2108.